000 00521nam a22001817a 4500
003 0
005 20250902144646.0
008 230926b xxu||||| |||| 00| 0 eng d
020 _a978-0-7232-7734-7
050 _aPZ 10
_b.P68 2013
100 _aPotter, Beatrix
245 _aThe tale of Mr. Jeremy Fisher
_c Beatrix Potter
260 _aLondon
_bFrederick Warne & Co.,
_cc2013.
300 _a29 pages :
_bcol. ill. ;
_c20cm.
500 _aChildren's stories.
650 _aChildren's stories.
942 _2lcc
_cBK
999 _c365393
_d365393